000 00793nam a22002297a 4500
003 UA-OsUOA
001 86511
007 ta
008 20120904b un ||||| |||| 00| 0 ukr d
100 _aБоркин Д.
090 _a94(430)
_bБ82
942 _cBK
040 _aUA-OsUOA
_brus
_cUA-OsUOA
_dUA-OsUOA
245 _aПреступление и наказание "И. Г. Фарбениндустри"
_bРассказ о зловещем сговоре Адольфа Гитлера с крупнейшим германским химическим концерном
300 _a332 с.
955 _a1
041 _arus
080 _a94(430)
260 _aМ.
_bПрогрес
_c1982
650 7 _a9 Географія. Біографії. Історія
_2UDC
999 _c372579
_d372579